000 00869nam a2200265 i 4500
001 16241
003 ES-MaACL
005 20251225063012.0
007 t|
008 000818s2000 sp ||||1| spa d
020 _a84-85081-02-1
080 _a821.133.1-4"19"
100 0 _aDeleuze, Gilles,
_d1925-1995
_943377
245 1 0 _aRizoma
_b: (introducción) /
_cGilles Deleuze, Félix Guattari ; traducción de José Vázquez Pérez y Umbelina Larraceleta.
250 _a3ª ed.
260 _aValencia :
_bPre-Textos,
_c2000.
300 _a57 p. ;
_c19 cm.
490 1 _aPre-textos ;
_v3.
_aEnsayo
700 1 _aGuattari, Félix.
_960370
700 1 _aVázquez Pérez, José.
_9113470
700 1 _aLarraceleta, Umbelina.
_970292
830 0 _aPre-textos ;
_v3.
_aEnsayo
_9179721
852 _aES-MaACL
_jL-23534
_bR.128850
999 _c16241
_d16241